00857nam a22002057a 450000500170000000800410001702000180005804000410007604100080011724501140012526000500023930000440028949000490033361000690038265000650045165000310051665000290054770000290057670000460060520231212100711.0231212b ||||| |||| 00| 0 eng d a9786075025674 aCO-BoUCMcDavid MorenodDavid Moreno aspa13aLa dimension internacional en la educacion superior :bexperiencia y compromiso de la Universidad Veracruzana aVeracruz, MEXbUniversidad Veracruzana c2017 a199 Paginas bilustraciones y graficas  aColección textos nómadas, Nueva época 1 aUniversidad Veracruzana xCooperación internacional educativa 17aEducación superior xAspectos sociales zVeracruz (Mexico)17aEducación internacional 17aComunidad y universidad 1 aCorzo Ramírez, Ricardo1 aHernández Alarcón, María Magdalena